000 01512cam a22004454i 4500
003 PE-LiUPU
005 20250731172943.0
008 150623s1995 xxy r 000 0 spa d
020 _a0824512588
035 _a(Sirsi) i9780824512583
040 _aPE-LiUPU
_bspa
_cPE-LiUPU
_erda
049 _aPRUA
082 0 4 _a296.155
_bR62
_221
100 1 _aRinggren, Helmer,
_eautor.
245 1 0 _aTHe faith of Qumran theology of the dead sea scrolls /
_cHelmer Ringgren.
264 1 _aNew York :
_bThe Crossroad Publishing,
_c1995.
300 _a330 páginas ;
_c21 centímetros
336 _atext
_2rdacontent
337 _aunmediated
_2rdamedia
338 _avolume
_2rdacarrier
505 0 _aDoctrine. -Organization and cult. -Place within the history of religion.
526 _aSEG42
526 _aSEG41
526 _aSEG40
526 _aSEG39
526 _aP94
526 _aP87
526 _aP86
526 _aP85
526 _aP77
526 _aP76
526 _aP35
650 0 4 _aManuscritos del mar muerto
_xCrítica, interpretación, etc.
942 _2ddc
_cBOOK
949 _a296.155 R62
_wDEWEY
_c1
_i44684
_lCCODEBUL1
_mBUL
_r0
_sY
_tBOOK
_u2015-6-24
_xTEOLOGIA
_PP35
_0COMPRA
_o.STAFF. Colección Teología
994 _aC0
_bPEPRU
596 _a1
999 _a296.155 R62
_wDEWEY
_c21547
_i44684
_d21547
_e2018-1-18
_f2021-11-11
_g5
_lCCODEBUL1
_mBUL
_n2
_p20.00
_r0
_sY
_tBOOK
_u2015-6-24
_xTEOLOGIA
_PP35
_0COMPRA
_o.STAFF. Colección Teología
980 _81
_gALBERTO SANCHEZ Responsable de Automatización